Statistics for Letterboxd Most Popular Films

Click here to take the quiz!

General Stats

  • This quiz has been taken 63 times
  • The average score is 71 of 100

Answer Stats

YearDirectorActorFilm% Correct
2019Bong Joon-hoSong Kang-hoParasite
100%
1994Quentin TarantinoJohn TravoltaPulp Fiction
100%
2014Christopher NolanMatthew McConaugheyInterstellar
98%
2017Jordan PeeleDaniel KaluuyaGet Out
94%
2010Christopher NolanLeonardo DiCaprioInception
92%
2019Todd PhillipsJoaquin PhoenixJoker
92%
2022Daniel Scheinert
Daniel Kwan
Michelle YeohEverything Everywhere All at Once
90%
2003Quentin TarantinoUma ThurmanKill Bill: Vol. 1
90%
1980Stanley KubrickJack NicholsonThe Shining
90%
1999David FincherEdward NortonFight Club
88%
2009Christopher NolanChristian BaleThe Dark Knight
88%
1972Francis Ford CoppolaMarlon BrandoThe Godfather
88%
1999Lana Wachowski
Lilly Wachowski
Keanu ReevesThe Matrix
88%
2019Anthony Russo
Joe Russo
Robert Downey Jr.Avengers: Endgame
86%
2019Quentin TarantinoLeonardo DiCaprioOnce Upon a Time in Hollywood
86%
2012Joss WhedonRobert Downey Jr.The Avengers
86%
2022Matt ReevesRobert PattinsonThe Batman
86%
2010David FincherJesse EisenbergThe Social Network
86%
1997James CameronLeonardo DiCaprioTitanic
86%
2014Damien ChazelleMiles TellerWhiplash
86%
2009James CameronSam WorthingtonAvatar
84%
2018Ryan CooglerChadwick BosemanBlack Panther
84%
2021Denis VilleneuveTimothée ChalametDune
84%
1994Robert ZemeckisTom HanksForrest Gump
84%
2016Damien ChazelleRyan GoslingLa La Land
84%
2021Jon WattsTom HollandSpider-Man: No Way Home
84%
1977George LucasMark HamillStar Wars
84%
2010Darren AronofskyNatalie PortmanBlack Swan
82%
2013Spike JonzeJoaquin PhoenixHer
82%
2009Quentin TarantinoBrad PittInglourious Basterds
82%
2014Wes AndersonRalph FiennesThe Grand Budapest Hotel
82%
1998Peter WeirJim CarreyThe Truman Show
80%
2013Martin ScorseseLeonardo DiCaprioThe Wolf of Wall Street
80%
2014James GunnChris PrattGuardians of the Galaxy
78%
2019Jon WattsTom HollandSpider-Man: Far from Home
78%
1976Martin ScorseseRobert De NiroTaxi Driver
78%
2020Christopher NolanJohn David WashingtonTenet
78%
2019Jordan PeeleLupita Nyong'oUs
78%
2018Anthony Russo
Joe Russo
Robert Downey Jr.Avengers: Infinity War
76%
1985Robert ZemeckisMichael J. FoxBack to the Future
76%
2013Quentin TarantinoJamie FoxxDjango Unchained
76%
2019Rian JohnsonDaniel CraigKnives Out
76%
2019Ari AsterFlorence PughMidsommar
76%
1995David FincherMorgan FreemanSe7en
76%
2010Martin ScorseseLeonardo DiCaprioShutter Island
76%
2017Jon WattsTom HollandSpider-Man: Homecoming
76%
2001Peter JacksonElijah WoodThe Lord of the Rings: The Fellowship of the Ring
76%
2018John KrasinskiEmily BluntA Quiet Place
73%
2016Scott DerricksonBenedict CumberbatchDoctor Strange
73%
2014David FincherBen AffleckGone Girl
73%
1990Martin ScorseseRay LiottaGoodFellas
73%
2019Greta GerwigSaoirse RonanLittle Women
73%
1991Jonathan DemmeJodie FosterThe Silence of the Lambs
73%
2016Tim MillerRyan ReynoldsDeadpool
71%
2017Greta GerwigSaoirse RonanLady Bird
71%
2019Noah BaumbachAdam DriverMarriage Story
71%
2022Jordan PeeleDaniel KaluuyaNope
71%
2000Mary HarronChristian BaleAmerican Psycho
69%
2017Edgar WrightAnsel ElgortBaby Driver
69%
2022Sam RaimiBenedict CumberbatchDoctor Strange in the Multiverse of Madness
69%
2022Rian JohnsonDaniel CraigGlass Onion
69%
2022Joseph KosinskiTom CruiseTop Gun: Maverick
69%
2017Taika WaititiChris HemsworthThor: Ragnarok
67%
2017Luca GuadagninoTimothée ChalametCall Me by Your Name
65%
2011Nicolas Winding RefnRyan GoslingDrive
65%
2004Michel GondryJim CarreyEternal Sunshine of the Spotless Mind
65%
2018Rodney Rothman
Peter Ramsey
Bob Persichetti
Shameik MooreSpider-Man: Into the Spider-Verse
65%
2021Adam McKayLeonardo DiCaprioDon't Look Up
63%
2009Wes AndersonGeorge ClooneyFantastic Mr. Fox
63%
2001Hayao MiyazakiRumi HiiragiSpirited Away
63%
2016Denis VilleneuveAmy AdamsArrival
61%
2017Christopher NolanFionn WhiteheadDunkirk
61%
2007Joel Coen
Ethan Coen
Josh BrolinNo Country for Old Men
61%
2022Mark MylodRalph FiennesThe Menu
61%
1994Frank DarabontTim RobbinsThe Shawshank Redemption
61%
2019Josh Safdie
Benny Safdie
Adam SandlerUncut Gems
61%
1968Stanley KubrickKeir Dullea2001: A Space Odyssey
59%
2018Ari AsterToni ColletteHereditary
59%
2014Dan GilroyJake GyllenhaalNightcrawler
59%
2010Edgar WrightMichael CeraScott Pilgrim vs. the World
59%
2022James CameronSam WorthingtonAvatar: The Way of Water
57%
2004Alfonso CuarónDaniel RadcliffeHarry Potter and the Prisoner of Azkaban
57%
1980Irvin KershnerMark HamillThe Empire Strikes Back
57%
1989Peter WeirRobin WilliamsDead Poets Society
55%
2009Pete DocterEd AsnerUp
55%
2001Richard KellyJake GyllenhaalDonnie Darko
53%
2022Martin McDonaghColin FarrellThe Banshees of Inisherin
53%
2019Robert EggersRobert PattinsonThe Lighthouse
53%
2017Denis VilleneuveRyan GoslingBlade Runner 2049
51%
2007Brad BirdPatton OswaltRatatouille
51%
2019Sam MendesGeorge MacKay1917
49%
2015George MillerTom HardyMad Max: Fury Road
49%
2020Pete DocterJamie FoxxSoul
47%
2017Lee UnkrichAnthony GonzalezCoco
45%
2015Pete DocterAmy PoehlerInside Out
45%
2008Andrew StantonBen BurttWALL·E
37%
2017Andy MuschiettiJaeden MartellIt
35%
2016Barry JenkinsTrevante RhodesMoonlight
35%
1999Gil JungerJulia Stiles10 Things I Hate About You
31%
2012Stephen ChboskyLogan LermanThe Perks of Being a Wallflower
29%

Score Distribution

Percentile by Number Answered

Percent of People with Each Score

Your Score History

You have not taken this quiz